000 00837nam a2200253Ia 4500
003 OSt
005 20220918170449.0
006 a|||||r|||| 00| 0
007 ta
008 220917b |||||||| |||| 00| 0 eng d
020 _a9780231136235 (pbk)
_c1661.30
024 _a281,669
037 _b11426, 12/03/2014, Elite Publishers Distributors
_cTextual
040 _aARTS
_cARTS
_beng
041 _2eng
_aeng
082 _aR39(S:45), P8
100 _aAllen Amy
_929212
245 0 _aPolitics of our selves
_b Power, autonomy, and gender in contemporary critical theory
260 _aNew York
_bColumbia University Press U.S.A
_c2013
300 _axi, 230p.
_ccm.
650 _aPHILOSOPHY
942 _hR39(S:45), P8
_cTEXL
_2CC
999 _c134270
_d134270